ZTM Gdańsk - 213 - Statystyki

Ogólne statystyki
  • Ten quiz został rozwiązany 10 razy
  • Średni wynik to 7 z 9
Statystyki odpowiedzi
Miejscowość Ulica Przystanek % Poprawnych
Gdańsk Świętokrzyska Łostowice Świętokrzyska
100%
Gdańsk Ofiar Grudnia 1970r. Olimpijska
100%
Gdańsk Świętokrzyska Orląt Lwowskich
100%
Gdańsk Wielkopolska Hokejowa
75%
Gdańsk Wielkopolska Liliowa
75%
Gdańsk Świętokrzyska Niepołomicka
75%
Kowale Apollina Szkoła Metropolitalna
75%
Gdańsk Ofiar Grudnia 1970r. Barzychowskiej
50%
Kowale Zeusa Osiedle Cytrusowe
50%
Nie znaleziono quizów pasujących do podanych kryteriów
Rozkład punktacji
Procent ludzi z każdym wynikiem
Percentyl według liczby udzielonych odpowiedzi
Twoja historia wyników
Nie rozwiązałeś tego quizu